| 000 | 01198nam a2200325 c 4500 | ||
|---|---|---|---|
| 003 | BLK | ||
| 005 | 20180422095527.0 | ||
| 008 | 180413b bul|||||r ||||||| ||bul|| | ||
| 010 | _aKNG00027299000 | ||
| 020 |
_a954-736-014-0 _bиздат.: Пик |
||
| 040 | _aBLK | ||
| 041 |
_aHOL _cBUL |
||
| 080 |
_aХоландска литература в Белгия _b821.112.5(493) _x-31 _z821.112.5(493)-31 |
||
| 100 | 1 |
_aКлаус, Хуго _eпърви автор _9263987 |
|
| 700 | 1 |
_aБорисова, Багрелия _eпрев. от холанд. _9365990 |
|
| 139 |
_aКлаус, Хуго _bК 63 |
||
| 245 | 1 | 0 |
_aСлухове _cХуго Клаус; прев. от холанд. Багрелия Борисова. |
| 257 | _aNLD | ||
| 260 |
_аВ. Търново _bПик _c1998 _fВ. Търново : Абагар |
||
| 300 |
_a168 с. _c20 см |
||
| 380 | _aX | ||
| 490 | 1 | _aБиблиотека Белгия | |
| 490 | 1 |
_3Подсерия _aБиблиотека Белгия |
|
| 500 | _aДеп. списък: депозит сп.15 | ||
| 852 | _aЦб 200282 | ||
| 856 | 4 |
_qpdf _u |
|
| 856 | 4 |
_qpdf _u |
|
| 942 |
_cKNG _n0 |
||
| 944 |
_aCR _c15.01.2003 _kAB_DOS |
||
| 944 |
_aED _c03.01.2017 _kСечил_Томаш |
||
| 999 |
_c24773 _d24773 |
||